The living thoughts of Saint Paul /

Bibliographic Details
Uniform Title:Bible.
Other Authors: Maritain, Jacques, 1882-1973, Binsse, Harry Lorin
Format: Book
Language:English
Published: New York : McKay, [1941]
Series:Living thoughts library.
Subjects:

MARC

Tag First Indicator Second Indicator Subfields
LEADER 00000cam a2200000 4500
001 in00000059851
005 20151008051023.0
008 731003s1941 eng u
035 |a (OCoLC)00708904 
035 |9 AAG5082AM 
040 |c AKR  |d TXA  |d UtOrBLW 
049 |a TXAM  |c [453014] 
090 |a BS2651  |b .M36 1941 
092 |a 227  |b P324ma 
130 0 |a Bible.  |p Epistles of Paul.  |k Selections.  |l English.  |f 1941. 
245 1 4 |a The living thoughts of Saint Paul /  |c presented by Jacques Maritain ... 
264 1 |a New York :  |b McKay,  |c [1941] 
300 |a 161 pages ;  |c 19 cm. 
336 |a text  |b txt  |2 rdacontent 
337 |a unmediated  |b n  |2 rdamedia 
338 |a volume  |b nc  |2 rdacarrier 
490 1 |a The living thoughts library, ed. by A. O. Mendel 
500 |a Text and illustrations on lining-papers. 
500 |a "Translation by Harry Lorin Binsse." 
600 0 0 |a Paul,  |c the Apostle, Saint. 
630 0 0 |a Bible.  |p Epistles of Paul  |x Theology. 
700 1 |a Maritain, Jacques,  |d 1882-1973. 
700 1 |a Binsse, Harry Lorin. 
830 0 |a Living thoughts library. 
999 |a MARS 
999 f f |s 0ee7de36-93df-36ee-a6d5-0214869e1912  |i 482012fe-ed41-3e41-a090-52ded6009921  |t 0 
952 f f |p ric  |a Texas A&M University  |b Rellis Campus  |c Joint Library Facility  |d Remote Storage  |t 0  |e BS2651 .M36 1941  |h Library of Congress classification  |i unmediated -- volume  |m A14800604704 
998 f f |a BS2651 .M36 1941  |t 0  |l Remote Storage